000 00555nam a2200205 a 4500
001 3301
005 20180713183235.0
008 140415s1987 mx 000 0 spa d
041 _aspa
082 _a657.45
_bHOL
100 1 _aHOLMES, ARTHUR W.
245 1 0 _aAUDITORIA :
_bPRINCIPIOS Y PROCEDIMIENTOS
250 _a2a ed.
260 _aMEXICO :
_bUTEHA,
_c1987
300 _a2
490 _aBIBLIOTECA UTEHA DE CONTABILIDAD SUPERIOR
_v9,10
650 1 4 _aAUDITORIA
740 _aAUDITING
700 1 _aCONTRO MALO, FRANCISCO
_ecoaut.
999 _c3301
_d3301